LEADER 01184nam a2200277 u 4500 001 000000091549 003 CaOOAMICUS 005 20070226124837.0 008 060322s it u000 u ita u 020 $a8831101439 035 $a11082441 040 $aPUL$bita 100 1 $aForte, Bruno,$carciv. di Chieti-Vasto,$d1949-$0(OLS)http://pul/name/11848 245 10$aDialoghi sulla fede e la ricerca di Dio /$cBruno Forte, Vincenzo Vitiello. 260 $aRoma :$bCittà Nuova,$c2005. 300 $a136 p. ;$c20 cm 490 1 $aIdee.,$xFilosofia ;$v143 650 4$aTeologia e filosofia.$0(OLS)http://pul/subject/121 700 1 $aVitiello, Vincenzo,$d1935-$0(OLS)http://pul/name/38145 830 0$aIdee.$dFilosofia ;$v143.$0(OLS)http://pul/title/118149 850 $aPUL 852 $aPUL$W1$xSL Filosofia 2$y80$mPhil A15 143$j115292$nBK-PRI$b $qStampati altre collocazioni$B115292$CPULBib$Z2$F115292 $HPUL100450 $81 941 1 $a10 996 $6020$a8831101439$9(OLS)http://pul/number/120037 996 $6245$aDialoghi sulla fede e la ricerca di Dio$9(OLS)http://pul/title/118148 996 $6260$aRoma :$bCittà Nuova$9(OLS)http://pul/publisher/47927 LEADER 01347nam a2200313 a 4500 001 000000139627 003 CaOOAMICUS 005 20140908134352.0 008 140908s2014 it u000 u ita r 020 $a978-88-8333-317-0 040 $aPUL$bita 082 04$a215 100 1 $aStrumìa, Alberto.$0(OLS)http://pul/name/43235 245 10$aScienze, filosofia e teologia :$bavvio al lavoro interdisciplinare /$cAlberto Strumia, Giuseppe Tanzella-Nitti ; prefazione di Paolo Zellini. 260 $aRoma :$bEDUSC,$c©2014. 300 $a269 p. ;$c23 cm 490 1 $aStudi e strumenti SISRI ;$v01 504 $aBibliografia in nota. 650 4$aReligione e scienza.$0(OLS)http://pul/subject/147 700 1 $aTanzella-Nitti, Giuseppe.$0(OLS)http://pul/name/28404 830 0$aStudi e strumenti SISRI ;$v01.$0(OLS)http://pul/title/176755 850 $aPUL 852 $aPUL$W1$xSL Religione 3$y85$m215 STRAL 1$j161250$qDDC 21$q $B160719$CPULBib$Z2$F160719 $H124576 $81 941 1 $a9 996 $6020$a978-88-8333-317-0 $9(OLS)http://pul/number/155936 996 $6082$a215$9(OLS)http://pul/classification/503 996 $6245$aScienze, filosofia e teologia :$bavvio al lavoro interdisciplinare$9(OLS)http://pul/title/176754 996 $6260$aRoma :$bEDUSC$9(OLS)http://pul/publisher/79480